| 000 -CABECERA |
| campo de control de longitud fija |
01413nam a22002297a 4500 |
| 003 - IDENTIFICADOR DEL NÚMERO DE CONTROL |
| campo de control |
OSt |
| 005 - FECHA Y HORA DE LA ÚLTIMA TRANSACCIÓN |
| campo de control |
20230901182320.0 |
| 008 - DATOS DE LONGITUD FIJA--INFORMACIÓN GENERAL |
| campo de control de longitud fija |
230901b ||||| |||| 00| 0 spa d |
| 020 ## - NÚMERO INTERNACIONAL ESTÁNDAR DEL LIBRO |
| Número Internacional Estándar del Libro |
9789586145701 |
| 040 ## - FUENTE DE LA CATALOGACIÓN |
| Centro/agencia transcriptor |
CO-MqBPB |
| 082 ## - NÚMERO DE LA CLASIFICACIÓN DECIMAL DEWEY |
| Número de clasificación |
616.895 |
| Número de documento/Ítem |
D65m |
| 100 ## - ENTRADA PRINCIPAL--NOMBRE DE PERSONA |
| Nombre de persona |
Donadío, Alberto, |
| Fechas asociadas al nombre |
1953- |
| 245 ## - MENCIÓN DE TÍTULO |
| Título |
La mente descarrilada : sicosis maníaco-depresiva / |
| Mención de responsabilidad, etc. |
Alberto Donadío. |
| 260 ## - PUBLICACIÓN, DISTRIBUCIÓN, ETC. |
| Lugar de publicación, distribución, etc. |
Santa Fe de Bogotá : |
| Nombre del editor, distribuidor, etc. |
Planeta Colombiana, |
| Fecha de publicación, distribución, etc. |
1997 |
| 300 ## - DESCRIPCIÓN FÍSICA |
| Extensión |
184 p. ; |
| Otras características físicas |
Tapa Rústica, |
| Dimensiones |
21 cm. |
| 490 ## - MENCIÓN DE SERIE |
| Mención de serie |
Biblioteca Ulpiano Ayala. |
| 500 ## - NOTA GENERAL |
| Nota general |
Este es un libro sobre la sicosis maníaco-depresiva, una enfermedad siquiátrica grave, crónica, hereditaria e incurable, pero no lo general ignorada, que puede afectar en promedio al 1.0% de la población adulta de un país. Con base en numerosos testimonios de víctimas de esta patología - tanto personalidades ilustres como gentes del común- y de opiniones de científicos expertos en la materia, el autor presenta un panorama bastante completo de los síntomas, las características, los peligros y los tratamientos de la depresión. asimismo, analiza las consecuencias de esta última sobre familiares y allegados del enfermo, su relación con el alcohol y los estupefacientes y el riesgo de suicidio. |
| 650 ## - PUNTO DE ACCESO ADICIONAL DE MATERIA--TÉRMINO DE MATERIA |
| Fuente del encabezamiento o término |
Psicosis maniaco |
| Subdivisión general |
depresiva |
| 650 ## - PUNTO DE ACCESO ADICIONAL DE MATERIA--TÉRMINO DE MATERIA |
| Término de materia o nombre geográfico como elemento de entrada |
Depresión mental |
| Subdivisión general |
Psicopatología |
| 650 ## - PUNTO DE ACCESO ADICIONAL DE MATERIA--TÉRMINO DE MATERIA |
| Término de materia o nombre geográfico como elemento de entrada |
Trastornos mentales |
| 942 ## - ELEMENTOS DE PUNTO DE ACCESO ADICIONAL (KOHA) |
| Fuente del sistema de clasificación o colocación |
|
| Tipo de ítem Koha |
Libro |